| 000 | 01235cam a22003011i 4500 | ||
|---|---|---|---|
| 003 | SA-RiAUC | ||
| 005 | 20250419120325.0 | ||
| 008 | 250317s1991 ua o g f00010 ara c | ||
| 020 | _a9770232297 | ||
| 040 |
_aSA-JeALM _bara _cSA-RiAUC _erda |
||
| 043 |
_aa-ye--- _aap----- |
||
| 082 | 0 | 4 | _a327.532 |
| 092 |
_a327.532 _bب ي ض |
||
| 100 | 1 |
_aالبيضاني، عبد الرحمن، _d1926-2012 _eمؤلف. |
|
| 245 | 1 | 0 |
_aمأزق اليمن في صراع الخليج / _cعبد الرحمن البيضاني. |
| 250 | _aالطبعة الثانية. | ||
| 264 | 1 |
_aالقاهرة : _bدار المعارف، _c1991 |
|
| 264 | 3 |
_a[مكان الطبع غير محدد] : _bمطابع دار المعارف |
|
| 300 |
_a155 صفحة : _bصور ؛ _c22 سم |
||
| 336 |
_aنص _btxt _2rdacontent _3كتاب |
||
| 337 |
_aبدون وسيط _bn _2rdamedia |
||
| 338 |
_aمجلد _bnc _2rdacarrier |
||
| 651 | 7 |
_aاليمن _xسياسة وحكومة _yقرن 20 _2aucsh |
|
| 651 | 7 |
_aاليمن _xعلاقات خارجية _zدول الخليج العربية _2aucsh |
|
| 651 | 7 |
_aدول الخليج العربية _xعلاقات خارجية _zاليمن _2aucsh |
|
| 942 |
_2ddc _cBOOK _n0 |
||
| 949 |
_aSA-JeALM _d250317 _umohamedma123 _n1 |
||
| 999 |
_c7192 _d7192 |
||